Water stress and crop plants : (Record no. 615716)

000 -LEADER
fixed length control field 01384cam a2200361 i 4500
001 - CONTROL NUMBER
control field 19010306
005 - DATE AND TIME OF LATEST TRANSACTION
control field 20251230111724.0
008 - FIXED-LENGTH DATA ELEMENTS--GENERAL INFORMATION
fixed length control field 160310s2016 enka b 001 0 eng
010 ## - LIBRARY OF CONGRESS CONTROL NUMBER
LC control number 2016009165
020 ## - INTERNATIONAL STANDARD BOOK NUMBER
International Standard Book Number 9781119054368
Qualifying information cloth
020 ## - INTERNATIONAL STANDARD BOOK NUMBER
International Standard Book Number 1119054362
Qualifying information cloth
020 ## - INTERNATIONAL STANDARD BOOK NUMBER
Canceled/invalid ISBN 9781119054467 (epub)
035 ## - SYSTEM CONTROL NUMBER
System control number 19010306
040 ## - CATALOGING SOURCE
Original cataloging agency DLC
Language of cataloging eng
Transcribing agency DLC
Description conventions rda
Modifying agency DLC
042 ## - AUTHENTICATION CODE
Authentication code pcc
050 00 - LIBRARY OF CONGRESS CALL NUMBER
Classification number QK754.7.D75
Item number A36 2016
082 00 - DEWEY DECIMAL CLASSIFICATION NUMBER
Classification number 581.754
Edition number 23
100 1# - MAIN ENTRY--PERSONAL NAME
Personal name Ahmad, Parvaiz,
Relator term editor.
9 (RLIN) 132547
245 10 - TITLE STATEMENT
Title Water stress and crop plants :
Remainder of title a sustainable approach /
Statement of responsibility, etc. edited by Parvaiz Ahmad, Department of Botany, S.P. College, Srinigar, Jammu and Kashmir, India.
264 #1 - PRODUCTION, PUBLICATION, DISTRIBUTION, MANUFACTURE, AND COPYRIGHT NOTICE
Place of production, publication, distribution, manufacture Chichester, West Sussex, UK :
Name of producer, publisher, distributor, manufacturer John Wiley & Sons, Ltd.,
Date of production, publication, distribution, manufacture, or copyright notice 2016.
300 ## - PHYSICAL DESCRIPTION
Extent 1 volume (xvi, 756 pages) :
Other physical details illustrations (some color) ;
Dimensions 26 cm
336 ## - CONTENT TYPE
Content type term text
Source rdacontent
337 ## - MEDIA TYPE
Media type term unmediated
Source rdamedia
338 ## - CARRIER TYPE
Carrier type term volume
Source rdacarrier
504 ## - BIBLIOGRAPHY, ETC. NOTE
Bibliography, etc. note Includes bibliographical references and index.
650 #0 - SUBJECT ADDED ENTRY--TOPICAL TERM
Topical term or geographic name entry element Plants
General subdivision Effect of drought on.
9 (RLIN) 132607
650 #0 - SUBJECT ADDED ENTRY--TOPICAL TERM
Topical term or geographic name entry element Plants
General subdivision Drought tolerance.
9 (RLIN) 132608
650 #0 - SUBJECT ADDED ENTRY--TOPICAL TERM
Topical term or geographic name entry element Drought-tolerant plants.
9 (RLIN) 132609
650 #0 - SUBJECT ADDED ENTRY--TOPICAL TERM
Topical term or geographic name entry element Crops
General subdivision Drought tolerance.
9 (RLIN) 132610
906 ## - LOCAL DATA ELEMENT F, LDF (RLIN)
a 7
b cbc
c orignew
d 1
e ecip
f 20
g y-gencatlg
942 ## - ADDED ENTRY ELEMENTS (KOHA)
Source of classification or shelving scheme
Koha item type Book
Holdings
Withdrawn status Lost status Source of classification or shelving scheme Damaged status Not for loan Permanent Location Current Location Date acquired Source of acquisition Total Checkouts Full call number Barcode Date last seen Price effective from Koha item type
          Atta-ur-Rahman School of Applied Biosciences (ASAB) Atta-ur-Rahman School of Applied Biosciences (ASAB) 12/30/2025 Donation   581.754 WAT 2016 3531 ASAB3531 12/30/2025 12/30/2025 Book
© 2023 Central Library, National University of Sciences and Technology. All Rights Reserved.